[Event "COL-ch Visually disabled"]
[Site "Cartagena"]
[Date "2019.12.04"]
[Round "4.10"]
[White "Marmolejo, Jhon Edinson"]
[Black "Renteria Mena, Dacier"]
[Result "1-0"]
[WhiteElo "1667"]
[BlackElo "1607"]
[PlyCount "37"]
[EventDate "2019.12.03"]
[EventType "swiss"]
[EventRounds "7"]
[EventCountry "COL"]
[SourceTitle "EXT 2024"]
[Source "ChessBase"]
[SourceDate "2023.10.10"]
[SourceVersion "1"]
[SourceVersionDate "2023.10.10"]
[SourceQuality "1"]

1. e4 c5 2. Nc3 Nc6 3. g3 e5 4. Bg2 Nf6 5. Nge2 Be7 6. d3 0-0 7. 0-0 d6 8. f4 Bg4 9. h3 Bxe2 10. Nxe2 a6 11. g4 b5 12. f5 Rc8 13. g5 Ne8 14. h4 f6 15. g6 Nd4 16. Nxd4 cxd4 17. Qh5 h6 18. Bxh6 Rxc2 19. Bd2 1-0

[Event "COL-ch Visually disabled"]
[Site "Cartagena"]
[Date "2019.12.04"]
[Round "3.7"]
[White "Renteria Mena, Dacier"]
[Black "Melo Ramirez, Marlon Roman"]
[Result "1/2-1/2"]
[WhiteElo "1607"]
[BlackElo "1891"]
[PlyCount "97"]
[EventDate "2019.12.03"]
[EventType "swiss"]
[EventRounds "7"]
[EventCountry "COL"]
[SourceTitle "EXT 2024"]
[Source "ChessBase"]
[SourceDate "2023.10.10"]
[SourceVersion "1"]
[SourceVersionDate "2023.10.10"]
[SourceQuality "1"]

1. d4 f5 2. c4 Nf6 3. Nc3 e6 4. Bg5 Be7 5. Nf3 d5 6. Ne5 0-0 7. e3 c6 8. Bd3 Bd7 9. 0-0 Be8 10. Qc2 Nbd7 11. f4 Ne4 12. Bxe7 Qxe7 13. c5 Rf6 14. Nxe4 fxe4 15. Be2 Nxe5 16. fxe5 Rh6 17. Rf4 Rh4 18. Raf1 Rxf4 19. Rxf4 b6 20. b4 bxc5 21. bxc5 Rb8 22. h3 Qb7 23. Bg4 Qb1+ 24. Qxb1 Rxb1+ 25. Rf1 Rxf1+ 26. Kxf1 Bd7 27. h4 Kf7 28. Kf2 Bc8 29. Be2 g6 30. g4 g5 31. Kg3 h6 32. a3 Ke7 33. hxg5 hxg5 34. Kf2 Kd7 35. Ke1 Kc7 36. Kd2 Kb8 37. Kc3 Kc7 38. Kb4 Kb8 39. Ka5 Kc7 40. Bd1 Kb7 41. Ba4 Kc7 42. Bd1 Kb7 43. Be2 Kc7 44. a4 Kb8 45. Kb4 Kc7 46. Bf1 Kb8 47. Ka5 Kc7 48. Be2 Kb8 49. Bb5 1/2-1/2